BIBLIOTHÈQUE DE LA MAISON DU MEXIQUE

Logo 1 Logo 2

La gruta tiene dos entradas (notice nᵒ 801)

détails MARC
000 -Sello discográfico
campo de control de longitud fija 00979nam a2200325 4500
005 - Identificación de versión
campo de control 20251016082433.0
010 ## - Número Estándar Internacional de Libros (ISBN)
Número (ISBN) 968-6229-91-4
035 ## - Otros números de control del sistema
Número de control del sistema 21103
099 ## - fechas locales
Tipo de ítem Koha LIBRO
100 ## - Datos de procesamiento general
Datos de procesamiento general 19960715d1994 m y1spay5003 ba
105 ## - Campo de datos codificados: Material textual, monográfico
Datos codificados de monografía y 001zy
200 1# - Título y mención de responsabilidad
Título propio La gruta tiene dos entradas
Designación general del material texto impreso
Otra información del título paseos II
Primer mención de responsabilidad Adolfo Castañón
Declaración de responsabilidad subsiguiente presentación Fabienne Bradu
205 ## - Declaración de edición
Declaración de edición 1a ed
210 ## - Publicación, distribución, etc.
Lugar de publicación, distribución, etc. México
Nombre del editor, distribuidor, etc. Editorial Vuelta
Fecha de publicación, distribución, etc. 1994
215 ## - Descripción física
Designación de material específico y extensión del ítem 252 p
Dimensiones 21 cm
320 ## - Nota de índices/bibliografías internas
Texto de la nota Incluye índice de nombres
345 ## - Nota de información de adquisición
Fuente de adquisición/dirección de la suscripción [OBSOLETO] Compra
410 #1 - Series
Título Colección La Reflexión
606 ## - Término temático usado como materia
Elemento de entrada Literatura
Subdivisión temática Historia y crítica
Número Koha 2213
660 ## - Código de área geográfica
Código MX
700 ## - Nombre personal - Responsabilidad primaria
Elemento de entrada Castañón Morán
Parte del nombre distinta del elemento de entrada Jesús Adolfo
Fechas 1952-
Número Koha 520
702 ## - Nombre personal - Responsabilidad secundaria
Elemento de entrada Bradu
Parte del nombre distinta del elemento de entrada Fabienne
Fechas 1954-
Número Koha 2214
801 #0 - Fuente de origen
País FR
Agencia cm
Reglas de catalogación (convenciones descriptivas) AFNOR
900 ## -
-- 1/12432
900 ## -
-- 710961925\\150796
942 ## - ELEMENTOS DE ENTRADA SECUNDARIOS (KOHA)
Tipo de ítem Koha Livre
996 ## -
-- MEX
-- 751145101
-- MMAG
-- 002007
-- 809 C346G
-- 20120222LIV
Exemplaires
Estatus retirado Estado de daño Estado de pérdida Fecha de adquisición Biblioteca de origen Biblioteca actual Ubicación en estantería Código de barras Precio de reemplazo Signatura topográfica completa No para préstamo Tipo de ítem Koha Nota pública Nota no pública
      05/08/2025 Casa México Paris Casa México Paris   002007 05/08/2025 809 C346G   Livre 20120222LIV 751145101